[Event "USCF 1993 Absolute-ch corr"]
[Site "USA"]
[Date "1994.??.??"]
[Round "?"]
[White "Ham, Stephen E"]
[Black "Givler, John S"]
[Result "1-0"]
[WhiteElo "2358"]
[BlackElo "2380"]
[PlyCount "55"]
[EventDate "1993.??.??"]
[EventType "tourn (corr)"]
[EventRounds "12"]
[EventCountry "USA"]
[SourceTitle "Corr 2006"]
[Source "ChessBase"]
[SourceDate "2006.04.01"]
[SourceVersion "3"]
[SourceVersionDate "2006.04.01"]
[SourceQuality "1"]

1. d4 Nf6 2. c4 g6 3. Nc3 Bg7 4. e4 d6 5. Be3 0-0 6. f3 Nc6 7. Nge2 a6 8. h4 h5 9. Qd2 Rb8 10. Nc1 e5 11. d5 Nd4 12. N1e2 c5 13. dxc6 bxc6 14. Nxd4 exd4 15. Bxd4 Re8 16. Be2 d5 17. cxd5 cxd5 18. e5 Nd7 19. f4 Bh6 20. Nxd5 Nxe5 21. Bc3 Bb7 22. 0-0-0 Bxd5 23. Qxd5 Bxf4+ 24. Kb1 Qc7 25. Qd4 Bh6 26. Bxa6 Rbd8 27. Qb4 Rb8 28. Bb5 1-0

[Event "USCF 1991 Absolute-ch corr"]
[Site "USA"]
[Date "1992.??.??"]
[Round "?"]
[White "Owen, Louis B"]
[Black "Givler, John S"]
[Result "1/2-1/2"]
[WhiteElo "2348"]
[BlackElo "2343"]
[PlyCount "57"]
[EventDate "1992.??.??"]
[EventType "tourn (corr)"]
[EventRounds "12"]
[EventCountry "USA"]
[SourceTitle "Corr 2006"]
[Source "ChessBase"]
[SourceDate "2006.04.01"]
[SourceVersion "3"]
[SourceVersionDate "2006.04.01"]
[SourceQuality "1"]

1. e4 e6 2. d4 d5 3. Nd2 Nf6 4. e5 Nfd7 5. f4 c5 6. c3 Nc6 7. Ndf3 Qb6 8. g3 cxd4 9. cxd4 Bb4+ 10. Kf2 g5 11. fxg5 Ndxe5 12. Nxe5 Nxe5 13. Kg2 Nc6 14. Nf3 Bf8 15. b3 Bd7 16. Bb2 0-0-0 17. Bd3 h6 18. Rf1 Bg7 19. gxh6 Bxh6 20. Ne5 Nxe5 21. dxe5 Bc6 22. Qc2 Kb8 23. Rxf7 Qe3 24. Bb5 Rc8 25. Bxc6 Rxc6 26. Qg6 d4 27. Raf1 d3 28. R7f2 Rhc8 29. Ba3 1/2-1/2